000 00506nam a2200157 i 4500
001 38322
003 ES-MaACL
005 20230906155733.0
007 t|
008 030225s1911 xxk ||||1| eng d
100 1 _aBalfour of Burleigh, Alexander Hugh Bruce.
_924931
245 1 3 _aAn historical account of the rise and development of presbyterianism in Scotland /
_cBalfour of Burleigh.
260 _aCambridge :
_bUniversity Press,
_c1911.
300 _aVI, 172 p. ;
_c16 cm.
852 _aES-MaACL
_jD-3307
999 _c38322
_d38322